|
|
|
|
| LEADER |
00000nab a2200000 a 4500 |
| 001 |
vtls000819728 |
| 003 |
SK-MaSNL |
| 005 |
20260304112736.0 |
| 008 |
250429c2002 xo 0 slo |
| 015 |
|
|
|a SNBRB2002/12-42676
|
| 035 |
|
|
|a CLN000171383
|
| 035 |
|
|
|a urn:nbn:sk:snk-abf6sl
|
| 035 |
|
|
|a (urnnbn)urn:nbn:sk:snk:ar-0018tf
|
| 035 |
|
|
|a (uuid)751e74d1-b4ef-405c-bf7e-3d5fab0f5370
|
| 040 |
|
|
|a SNKBUCL
|b slo
|c SNKBUCL
|e AACR2
|
| 041 |
0 |
|
|a slo
|
| 044 |
|
|
|a xo
|c SK
|
| 080 |
|
|
|a 681.5:681.3:061.3
|2 1997
|
| 080 |
|
|
|a 681.3
|2 1997
|
| 080 |
|
|
|a 519.71
|2 1997
|
| 245 |
0 |
0 |
|a Konferencia ŘÍP 2002
|
| 611 |
1 |
7 |
|a ŘÍP
|n 5.
|d 2002
|c Česko
|2 snkbucl
|9 1415036
|
| 650 |
0 |
7 |
|a riadenie procesné
|x konferencie
|x 2002
|2 snkbucl
|9 1415037
|
| 655 |
|
7 |
|a články z novín a časopisov
|2 snkbucl
|9 267496
|
| 773 |
0 |
|
|t AT&P journal
|g Roč. 9, č. 10 (2002), s. 67
|x 1335-2237
|
| 850 |
|
|
|a Slovenská národná knižnica
|
| 852 |
|
|
|a Slovenská národná knižnica
|
| 954 |
|
|
|a odborná, vedecká literatúra pôvodná (slovenská)
|2 lita
|
| 958 |
|
|
|a article23
|
| 958 |
|
|
|a OND
|
| 958 |
|
|
|a EUIPO
|
| 992 |
|
|
|a RBX
|
| 999 |
|
|
|c 2866921
|d 2868851
|